01275njm a2200265Ia 450000100060000000300090000600500170001500800410003204000130007304000130008610000120009910000180011110000370012924500210016625000110018726000090019826000630020730000170027030000290028750000530031650504980036951100300086765000570089770000550095426697IT-RoPAU20220918181157.0131025s9999 xx 000 0 und d aIT-RoPAU cIT-RoPAU aKimera  eAutore musica gCodice autore musica SPICS: 9994 aLost Opera (The) a1a ed. aROMA bSPICS RECORDSc1985 [1a Ed.:1985 - Ed. Lingua Orig.: 1985] aMUSICASSETTA c32 minuti (Testo: pag.) aMusica strumentale. Arrangiamento brani d'opera. aCaro nome (From Rigoletto, Verdi) Operature 1 - Largo al factotum (From the Barber of Seville, Rossini) - Chanson Boheme (From Carmen, Bizet) - J'ai perdu mon Eurydice (From Orpheus, Gluck) - Couplets [(Escamillo's Song) (From Carmen, Bizet)] - Operature Air des Clochettes (From Lakme, Delibes) - Reprise Caro nome Operature 2 Couplets (Instrumental) - J'ai perdu mon Euryduce (Instrumental) - Couplets (Vocal) - Chanson Boheme (Instrumental) Operature 2 - Air de Clochettes reprise Caro nome aKimera and the Operaiders aARRANGIAMENTO [CASSETTE]eCodice MATERIA SPICS: 9951 aKimera gCodice interprete SPICS: 9994eInterprete